000 00420nam a2200145Ia 4500
008 231217s9999 xx 000 0 und d
041 _aEnglish
082 _a001.6424JAV BAI1;1 R
100 _aBailey, Duane A Bailey, Duane W
245 0 _aJava elements : principles of programming in Java
260 _c2000
_bTata McGraw-Hill
_aNew Delhi
300 _axiv+333
650 _aJava,:,programming,Java
942 _cAA
999 _c175244
_d175244